Largest Municipalities in Nevada by First Letter - Statistics

General Stats
  • This quiz has been taken 11 times
  • The average score is 9 of 12
Answer Stats
First Letter County Population Municipality % Correct
L Clark 670,352 Las Vegas
100%
C Carson 57,602 Carson City
90%
E Elko 20,935 Elko
90%
H Clark 349,460 Henderson
90%
N Clark 300,475 North Las Vegas
90%
R Washoe 281,537 Reno
90%
B Clark 14,771 Boulder City
70%
M Clark 24,232 Mesquite
70%
W Humboldt 8,167 Winnemucca
70%
F Lyon 25,888 Fernley
60%
S Washoe 111,279 Sparks
60%
Y Lyon 3,253 Yerington
40%
No matching quizzes found
Score Distribution
Percent of People with Each Score
Percentile by Number Answered
Your Score History
You have not taken this quiz